|
|
|
|
| LEADER |
01215nam a2200325 i 4500 |
| 001 |
34431 |
| 003 |
BD-DhAAL |
| 005 |
20190328110037.0 |
| 008 |
190328t2019 enka b 001 0 eng |
| 999 |
|
|
|c 40567
|d 40567
|
| 010 |
|
|
|a 2018035612
|
| 020 |
|
|
|a 9781138061965 (hardback : alk. paper)
|
| 020 |
|
|
|a 9781138061972 (pbk. : alk. paper)
|
| 040 |
|
|
|a DLC
|b eng
|c DLC
|e rda
|d DLC
|d BD-DhAAL
|
| 042 |
|
|
|a pcc
|
| 050 |
0 |
0 |
|a HD57.7
|b .P4657 2019
|
| 082 |
0 |
0 |
|a 658.4092
|2 23
|
| 100 |
1 |
|
|a Perruci, Gama
|9 30765
|
| 245 |
1 |
0 |
|a Global leadership :
|b a transnational perspective /
|c Gama Perruci.
|
| 260 |
|
|
|a London ;
|a New York, NY :
|b Routledge, Taylor & Francis Group,
|c c2019.
|
| 300 |
|
|
|a xvi, 223 ages :
|b illustrations ;
|c 24 cm
|
| 504 |
|
|
|a Includes bibliographical references (pages [206]-220) and index.
|
| 526 |
|
|
|a AAL
|
| 541 |
|
|
|a Parama
|e 34431
|
| 650 |
|
0 |
|a Leadership.
|9 30766
|
| 650 |
|
0 |
|a Globalization.
|9 30767
|
| 650 |
|
0 |
|a Organizational behavior.
|9 30768
|
| 852 |
|
|
|a Ayesha Abed Library
|c General Stacks
|
| 942 |
|
|
|2 ddc
|c BK
|
| 952 |
|
|
|0 0
|1 0
|2 ddc
|4 0
|6 658_409200000000000_PER
|7 0
|9 65189
|a BRACUL
|b BRACUL
|c GEN
|d 2019-02-26
|e Parama
|g 2484.29
|l 0
|o 658.4092 PER
|p 3010034431
|r 2019-02-26
|t 1
|v 2484.29
|w 2019-02-26
|y BK
|